Evangelism: (Record no. 11009)

000 -LEADER
fixed length control field 00638nam a2200193 a 4500
001 - CONTROL NUMBER
control field :::00008802$&:&@@
003 - CONTROL NUMBER IDENTIFIER
control field OkBaRHE
005 - DATE AND TIME OF LATEST TRANSACTION
control field 20000607103346.0
008 - FIXED-LENGTH DATA ELEMENTS--GENERAL INFORMATION
fixed length control field s1960 j 000 0 eng u
040 ## - CATALOGING SOURCE
Transcribing agency
100 1# - MAIN ENTRY--PERSONAL NAME
Personal name Sumner, Robert L.
245 10 - TITLE STATEMENT
Title Evangelism:
Remainder of title the church on fire.
260 ## - PUBLICATION, DISTRIBUTION, ETC. (IMPRINT)
Place of publication, distribution, etc Murfreesboro, TN., :
Name of publisher, distributor, etc Sword of the Lord Publishers
Date of publication, distribution, etc 1960
300 ## - PHYSICAL DESCRIPTION
Extent 220 p.
650 ## - SUBJECT ADDED ENTRY--TOPICAL TERM
Topical term or geographic name as entry element Evangelism
942 ## - ADDED ENTRY ELEMENTS (KOHA)
Source of classification or shelving scheme
Koha item type Books
Copies
Price effective from Permanent Location Koha item type Date last seen Shelving location Source of classification or shelving scheme Damaged status Withdrawn status Barcode Date acquired Full call number Lost status Not for loan Copy number
2010-04-14RHEMA Bible Training CollegeBooks2010-04-14General Stacks   88022010-04-14BV 3795 .S9  1
2010-04-14RHEMA Bible Training CollegeBooks2010-04-14General Stacks   152222010-04-14BV 3795 .S9  2